000 00984nam0a22002651 4500
001 rc\2574674
005 20250623113724.0
035 _a(NLR Aleph) 006739352
090 _a5627631
_c5627632
100 _a20110914d1928 |||y0rusy50 ca
101 0 _arus
102 _aRU
105 _aa z |||||
200 1 _aПамятка весовщика
_eС 13 черт.
_fСост. Р. В. Бурков
205 _aИзд., доп. и перераб.
210 _aМосква
_cТранспечать НКПС
_d1928
_g5-я тип. "Транспечать" Н.К.П.С. "Пролетарское слово"
215 _a76 с., [3] с. объявл.
_cчерт.
_d17х13 см.
225 1 _aПопулярная транспортно-техническая библиотека
700 1 _aБурков
_bР.В.
_gРоман Васильевич
801 0 _aRU
_bNLR
_gpsbo
801 1 _aRU
_bELAR
_2rusmarc
852 _aNLR
_j49/1159
942 _cBOOK
980 _aNB